| 000 | 00629nam a22001695i 4500 | ||
|---|---|---|---|
| 001 | 158513 | ||
| 003 | ES-MaACL | ||
| 005 | 20230906211157.0 | ||
| 008 | 970605s1899 sp |||| | spa d | ||
| 100 | 1 |
_aMahan, Alfred Thoyer. _9129355 |
|
| 245 | 1 | 3 |
_aLa guerra naval y sus enseñanzas / _cpor [Alfred Thoyer] Mahan. |
| 260 |
_aMadrid : _b[s.n.], _c1899 ( _fImp. del Depósito Hidrográfico) |
||
| 300 |
_a128 p. ; _c24 cm. |
||
| 650 | 4 |
_aBatallas navales. _9135674 |
|
| 710 | 1 |
_aEspaña. _bDepósito Hidrográfico. _93691 |
|
| 852 | 4 |
_aES-MaACL _jT-927-F-1 _z- Enc. hol., conservando cub. original _z- Enc. en un vol. facticio |
|
| 999 |
_c158513 _d158513 |
||